KOHA-Header-6

Kulyat-e-Rashid (Record no. 7059)

000 -LEADER
fixed length control field 00248nam a2200109Ia 4500
100 ## - MAIN ENTRY--AUTHOR NAME
Personal name N.M. Rashid
245 #0 - TITLE STATEMENT
Title Kulyat-e-Rashid
260 ## - PUBLICATION, DISTRIBUTION, ETC. (IMPRINT)
Place of publication Lahore
Name of publisher Sang-e-Meel
Year of publication 1991
300 ## - PHYSICAL DESCRIPTION
Number of Pages 576
942 ## - ADDED ENTRY ELEMENTS (KOHA)
Koha item type Books
Holdings
Withdrawn status Lost status Collection code Permanent Location Current Location Shelving location Date acquired Full call number Accession Number Koha item type
    Urdu Literature MAJU MAJU   2019-09-12 891.439 672 Urdu Literature

Powered by Koha